| LEADER |
00858nam0a2200241 450 |
| 001 |
16805888 |
| 010 |
|
|
|a 2-205-05762-6
|b rel.
|d 13
|
| 100 |
|
|
|a 20060929d2026 u u0frey01 ba
|
| 101 |
0 |
|
|a fre
|
| 102 |
|
|
|a FR
|
| 200 |
0 |
|
|a El Santero
|f scénario, Xavier Dorison et Fabien Nury
|g dessin et couleur, Christian Rossi
|
| 207 |
|
1 |
|a
|
| 210 |
|
|
|a Neuilly
|b 12 Rue Blaise Pascal.
|c Dargaud
|d DL 2006
|
| 215 |
|
|
|a 1 vol. (56 p.)
|c ill. en coul., couv. ill. en coul.
|d 32 cm
|
| 225 |
1 |
|
|v 3
|
| 461 |
|
0 |
|t W.E.S.T.
|v 3
|
| 676 |
|
|
|a 741.5
|
| 700 |
|
0 |
|a Dorison
|b Xavier
|f 1972-....
|4 70
|
| 701 |
|
0 |
|a Nury
|b Fabien
|f 1976-...
|4 70
|
| 701 |
|
0 |
|a Rossi
|b Christian
|f 1954-....
|4 70
|
| 900 |
|
|
|a Bandes déssinées ADULTE
|
| 901 |
|
|
|a Réserve
|
| 995 |
|
|
|a Bibliothèque
|c Bibliothèque
|f 024011576
|h 024011576
|k BDA DOR
|o p
|q a
|r az
|u Vérifier la pastille sur la côte
|e Bibliothèque
|